00313nam a22001217a 4500008004100000020001800041050002700059100002500086245002900111250001100140260002500151300001500176161116b xxu||||| |||| 00| 0 eng d a9781567656404 aHB 171.5 b.A58 2007 aAntell,Gerson.d2007 aEconomics for everybody. a3rd ed bAmsco school,c2007. aviii,630p.